000
002760000a22001090004500
100
1
_a
Rivera, Melvin
245
1
0
_a
¿Espectador o discípulo?
300
_a
Vol.45, núm.195 (1990), Páginas 23-25
650
1
4
_a
DISCIPULADO
773
0
_t
La Biblia en las Américas
942
_c
ANA
999
_c
62879
_d
62879